| Tag |
First Indicator |
Second Indicator |
Subfields |
| LEADER |
00000cam a2200000 a 4500 |
| 001 |
in00000656331 |
| 005 |
20151015073607.0 |
| 008 |
750103c19721970mau b 00110 engm |
| 010 |
|
|
|a 74195693
|
| 020 |
|
|
|a 0912296011
|
| 035 |
|
|
|a (OCoLC)00604629
|
| 035 |
|
|
|9 ACX1895AM
|
| 040 |
|
|
|a DLC
|c DLC
|d m.c.
|d TXA
|d UtOrBLW
|
| 049 |
|
|
|a TXAM
|c [1499677],1 [1378206],2
|
| 050 |
0 |
0 |
|a Z1231.P7
|b L44 1972
|
| 090 |
|
|
|a PS312
|b .L44 1972
|
| 100 |
1 |
|
|a Lemay, J. A. Leo
|q (Joseph A. Leo),
|d 1935-2008.
|
| 245 |
1 |
2 |
|a A calendar of American poetry in the colonial newspapers and magazines and in the major English magazines through 1765 /
|c by J. A. Leo Lemay.
|
| 264 |
|
2 |
|a Worcester [Mass.] :
|b American Antiquarian Society; [distributed by Barre Publishers, Barre, Mass.],
|c 1972
|
| 264 |
|
4 |
|c [©1970]
|
| 300 |
|
|
|a xxxi, 353 pages ;
|c 24 cm.
|
| 336 |
|
|
|a text
|b txt
|2 rdacontent
|
| 337 |
|
|
|a unmediated
|b n
|2 rdamedia
|
| 338 |
|
|
|a volume
|b nc
|2 rdacarrier
|
| 500 |
|
|
|a Includes indexes.
|
| 650 |
|
0 |
|a American poetry
|y Colonial period, ca. 1600-1775
|x Bibliography.
|
| 999 |
|
|
|a MARS
|
| 999 |
f |
f |
|s 69bad48d-d19a-3e93-8fc3-095dab9f1f23
|i bc8a5177-7909-37b3-bf5e-036dd9da781c
|t 0
|
| 952 |
f |
f |
|p ric
|a Texas A&M University
|b Rellis Campus
|c Joint Library Facility
|s JLF
|d Remote Storage
|t 0
|e PS312 .L44 1972
|h Library of Congress classification
|i unmediated -- volume
|m A14828878995
|
| 998 |
f |
f |
|a PS312 .L44 1972
|t 0
|l Remote Storage
|